000 00682cam a22002173a 4500
001 46058
003 PGUSA
005 20140828084058.0
008 140621s2014||||xxu|||||s|||||000 | eng d
040 _aPGUSA
_beng
042 _adc
100 1 _aSeneca, Lucius Annaeus,
_d-65
245 1 0 _aTwo Tragedies of Seneca :
_bMedea and The Daughters of Troy Rendered into English Verse
_h[electronic resource] /
_cLucius Annaeus Seneca
260 _bProject Gutenberg,
_c2014
506 _aPublic domain in the USA.
516 _aElectronic text
700 1 _aHarris, Ella Isabel
830 0 _aProject Gutenberg
_v46058
856 4 0 _uhttp://www.gutenberg.org/ebooks/46058
942 _cEB
999 _c275307
_d275307